000 00496nam a2200217Ia 4500
008 210210b2012 xxu||||| |||| 00| 0 eng d
020 _a9780071316866
041 _aeng
082 _a574.88 WEAM
100 _aWEAVER (Robert F)
245 _aMolecular biology Ed 5
250 _a
260 _aNew York
_bMcGraw Hill company
_c2012
300 _axx,892
650 _aMolecular
650 _aEd
650 _abiology
650 _a5
690 _aMolecular Biology
906 _a070192
999 _c119687
_d119687